MDQL
is popping MORE tags! Check the
thread
!
Quizzes
Events
Quiz Creation
Community
Videos
Private Events
Remove Ads
Sign In
Join for FREE
Feedback
Dark Mode
Quiz Categories
Sports
Geography
Music
Movies
Television
Just For Fun
Miscellaneous
History
Literature
Language
Science
Gaming
Entertainment
Religion
Holiday
For Kids
Quiz Lab
Recent
Popular Today
Quiz Kudos Today
Editor Picks
Curator Picks
Quizzes by...
Day
Popularity
Type
Ratings
Length
Year
Community
Subscriptions
Recent Discussions
Orange Saloon
Badges
Playlists
Quests
Create
Leaderboards
Showdown
Live 5
Trivia Bingo
Activity
Puzzle Library
Sporcle Events
Private Events
Virtual Trivia
Globe League
Become a Host
Pub Owners
SporcleCon
Opinionation
Our Games
Videos
Blog
Mobile Apps
Partnerships
Remove Ads and Go Orange
Feedback
Science
Computer
Plants
Astronomy
Chemistry
Elements
Math
Animal
Physics
Anatomy
Biology
Geology
General Science
Science
Computer
Plants
Astronomy
Chemistry
Elements
Math
Animal
Physics
Anatomy
Biology
Geology
General Science
Random Quiz
Search Sporcle
×
Quiz Lab
Quiz Lab
Science
Physiology
Type in answers that appear in a list
Type in answers that appear in a list
Classic
Best Score? Go Orange.
Cardiorespiratory clinical skills and physiology Stats
Can you name the Cardiorespiratory clinical skills and physiology?
By
dharahotstuff
10m
49 Questions
30 Plays
30 Plays
30 Plays
Comments
Comments
Give Quiz Kudos
Give Quiz Kudos
-
- Ratings
hide this ad
More Info
Forced Order
Answers have to be entered in order
Answers have to be entered in order
Wrong Answers
Some wrong answers will appear in red
Some wrong answers will appear in red
Random Order
Randomize order of answers
Randomize order of answers
Replay
Link that replays current quiz
Next Quiz
Link to next quiz in quiz playlist
You Got
0%
They Got
Avg Score
57%
Avg Friend Score
Upgrade to see
Score Distribution
Jump to the score distribution portion of the page
Score
0/49
Timer
10:00
0
Plays Today
Statement
True or false
% Correct
Systole is normally longer than diastole
???
83.3%
The first heart sound is made up of mitral and aortic components
???
76.7%
The mitral valve closes after the tricuspid valve
???
73.3%
The blood pressure in the left arm will normally be a little higher than in the right
???
70%
With the patient lying flat, the systolic pressure measured in the arm will be greater than that measured in the ankle
???
70%
The mitral valve opens at the beginning of systole
???
66.7%
The mitral valve normally has two leaflets
???
66.7%
The x-
descent follows the a-
wave
???
66.7%
If a patient becomes anaemic their oxygen saturation will fall
???
66.7%
A normal paO2 implies the absence of tissue hypoxia
???
66.7%
The aorta bifurcates at the level of the umbilicus
???
66.7%
The carotid artery is on the medial side to the internal jugular vein
???
66.7%
The pulmonary valve closes just after the aortic valve
???
63.3%
Narrowing of the aortic valve will cause turbulent flow across the valve during diastole
???
63.3%
A hole in the ventricular septum will cause blood to flow from right to left ventricle during systole
???
63.3%
The R wave of the ECG follows atrial depolarisation
???
63.3%
The P wave of the ECG corresponds to the first heart sound
???
63.3%
The third heart sound reflects the filling of a non-
compliant ventricle
???
63.3%
The JVP is another abbreviation for the CVP
???
63.3%
Decreasing ventilation will cause paCO2 to rise
???
63.3%
The internal inguinal ring is lateral to the external inguinal ring
???
63.3%
The cricoid cartilage is just above the thyroid cartilage
???
63.3%
There are four heart valves; the aortic opens when the other three close
???
60%
The tricuspid valve closes before the pulmonary valve
???
60%
The aortic valve normally has two leaflets
???
60%
Statement
True or false
% Correct
The first heart sound is associated with mitral valve closure
???
60%
The two heart sounds are caused by the collison of closing valve leaflets
???
60%
The dicrotic notch in the arterial pressure waveform corresponds to the second heart sound
???
60%
A stethoscope has two chest pieces, a bell and a diaphragm. The bell is used to detect high frequency sounds
???
60%
Tricuspid stenosis will increase the a-
wave pressure more than mitral regurgitation
???
60%
A sphygmomanometer cuff that is too small will overestimate the blood pressure
???
60%
Peripheral cyanosis can occur with a normal oxygen saturation
???
60%
The right kidney is normally lower than the left
???
60%
The posterior tibial artery is on the lateral side of the ankle
???
60%
Mitral valve closure occurs just before a palpable radial pulse
???
56.7%
The second heart sound is often split into two audible components
???
56.7%
The c-
wave is associated with tricuspid valve closure
???
56.7%
The inferior border of the spleen is positioned just inferior to the left intercostal margin
???
56.7%
There are four groups of lymph nodes in the axilla
???
56.7%
What is the normal value for arterial blood pressure, systolic?
???
53.3%
What is the normal lower value for pH?
???
36.7%
What is the normal upper value for pH?
???
36.7%
What is the normal value for maximal left ventricular pressure?
???
36.7%
What is a normal value for arterial PaCO2?
???
33.3%
This is the definition of what? The pressure exerted by a gas if it alone occupied the space
???
30%
What is the normal value for JVP height?
???
30%
This is the definition of what? The number of binding sites of haemoglobin that are occupied by oxygen, out of a total of 4
???
23.3%
What is a normal value for arterial PaO2
???
20%
What is the normal value for minimal left ventricular pressure?
???
16.7%
Quiz Playlist
Details
Report
Send in Message
Add To Playlist
More Info:
Type T for True and F for False
Classic:
Type in answers that appear in a list
Forced Order:
Answers have to be entered in order
Wrong Answers:
Some wrong answers will appear in red
Random Order:
Randomize order of answers
Last Updated: Feb 16, 2017
Quiz Scoreboard
CHALLENGE
Sign Up to Join the Scoreboard
Show All
Scores
Hide
Comments
May contain spoilers
Recently Published
Famous 'C' Women
by xyz_
Entertainment
6m
Holiday 10x10 Sorting Gallery
by lukepisani3
Holiday
15m
Two Season TV Shows II
by 123Four
Television
10m
More to Explore
Quiz From the Vault
Featured Blog Post
14 Easter Pick-up Lines to Find Eggs With
hide this ad
You Might Also Like...
Tags
clinical
Physiology
skill
Today's Top Quizzes in Science
Browse Science
hide this ad
Today's Top Quizzes in Physiology
Browse Physiology
Top Contributed Quizzes in Science
1
Mitosis Sporcle for Escape Room
2
Windmill: Elements
3
DNA Speed Challenge For Breakout Box
4
200 Vogels in Nederland
5
Elements In Images
6
Glycolysis
7
Quick Pick: 'CI-CJ' Animals
8
Square Numbers Scrambled (1-50)
9
Astronomy Spelling Bee
10
The First 100 Digits of Pi
Explore More
Trending Topics
Disney
Crossword
NBA
Harry Potter
Anime
Marvel
Kpop
Puzzle
Pokémon
Country
WWE
NFL
Soccer
Song
The Office
hide this ad
More By:
dharahotstuff
Quiz
Plays
Rating
Category
Featured
Created
Pathology of the cardiovascular system
254
Science
Oct 15, 2012
Pathology of the respiratory tract + chemical pathology
87
Science
Oct 15, 2012
Cardiorespiratory clinical skills and physiology
30
Science
Oct 24, 2012
Go to Creator's Profile
Score Distribution
Quiz Creator Spotlight
dharahotstuff
Follow
Send a Message
Quizzes Created
-
Created Quiz Play Count
-
More By This Creator
Popular Quizzes Today
1
Find the US States - No Outlines Minefield
2
Colored Red Africa Blitz
3
Find the 'City' Movie
4
The Countries of the World
5
Find the US States
6
5x2 Blitz: Bands
7
Find the Countries of Europe - No Outlines Minefield
8
US States
More Science Quizzes
► Animals - Iguanas
Quiz Lab
Trending Quizzes
Colored Red Europe Blitz I
Colored Red Europe Blitz II
Colored Red Africa Blitz II
Colored Red Africa Blitz III
Colored Red Europe Blitz III
Recently Updated
Odd Team Out - Big 4 Players
pecheneg
Quick Pick: 20 Twenties
pecheneg
March Madness Men's Triple Doubles
pecheneg
How Do You Spell That?
pecheneg
Godzilla Movies
pecheneg
Grab Bag: 4-10 Letters
pecheneg
2024 March Madness Bracket
pecheneg
Famous TV Couples
Peacemaker
Champions League XIs: Real Madrid
pecheneg
Largest US Cities 1790-2010
pecheneg
Trending Topics
Harry Potter
Anime
Marvel
Kpop
NBA
Disney
Crossword
WWE
Soccer
Puzzle
Country
Song
Pokémon
The Office
NFL
Your Account Isn't Verified!
In order to create a playlist on Sporcle, you need to verify the email address you used during registration. Go to your
Sporcle Settings
to finish the process.
Report this User
Report this user for behavior that violates our
Community Guidelines
.
Details:
Send Report
Go to the Sporcle.com Mobile Site →
Comments